00430nam a2200145Ia 4500020002200000082002000022245004800042260004100090300000800131504003500139650004200174650002600216650002000242700002200262 a978-0-7619-3520-9 a305.420954 URB- 0aUrban women in contemporary India: a reader aLos AngelesbSage Publicationsc2007 a372 aincluds bibliography and index aUrban womenvSocial conditionszIndia aWomen's rightszIndia aFeminismzIndia aGhadially, Rehana